<?xml version="1.0" encoding="UTF-8"?>
<collection xmlns="http://www.loc.gov/MARC21/slim">
 <record>
  <leader>02842nam a2200277 a 4500</leader>
  <controlfield tag="001">TVCDKTCT6474</controlfield>
  <controlfield tag="003">Thư viện trường Cao đẳng Kỹ thuật Cao Thắng</controlfield>
  <controlfield tag="005">20170525151034.7</controlfield>
  <controlfield tag="008">070314</controlfield>
  <datafield tag="980" ind1="\" ind2="\">
   <subfield code="a">Thư viện Trường CĐ Kỹ Thuật Cao Thắng</subfield>
  </datafield>
  <datafield tag="024" ind1=" " ind2=" ">
   <subfield code="a">RG_1 #1 eb0 i1 i5</subfield>
  </datafield>
  <datafield tag="041" ind1="0" ind2="#">
   <subfield code="a">vie</subfield>
  </datafield>
  <datafield tag="082" ind1="#" ind2="#">
   <subfield code="a">620.1 / </subfield>
   <subfield code="b">C431N-ng</subfield>
  </datafield>
  <datafield tag="100" ind1="1" ind2="#">
   <subfield code="a">Nguyễn Công Vân</subfield>
  </datafield>
  <datafield tag="245" ind1="0" ind2="0">
   <subfield code="a">Công nghệ vật liệu điện tử / </subfield>
   <subfield code="c">Nguyễn Công Vân, Trần Văn Quỳnh</subfield>
  </datafield>
  <datafield tag="250" ind1="#" ind2="#">
   <subfield code="a">In lần thứ 1</subfield>
  </datafield>
  <datafield tag="260" ind1="#" ind2="#">
   <subfield code="a">H. : </subfield>
   <subfield code="b">Khoa học và Kỹ thuật , </subfield>
   <subfield code="c">2006</subfield>
  </datafield>
  <datafield tag="300" ind1="#" ind2="#">
   <subfield code="a">285tr. ; </subfield>
   <subfield code="c">27cm</subfield>
  </datafield>
  <datafield tag="520" ind1="#" ind2="#">
   <subfield code="a">Cuốn sách gồm 2 phần :</subfield>
  </datafield>
  <datafield tag="520" ind1="#" ind2="#">
   <subfield code="a">Phần 1: Vật liệu kim loại và hợp kim. Bao gồm 5 chương: Trong chương I: tác giả trình bày về lý thuyết kết tinh từ thể lỏng và thể khí, đặc biệt về sự hình thành và phát triển mầm của tinh thể. Chương II cung cấp cho người đọc kiến thức về chuyển pha trong kim loại và hợp kim. Tác giả nhấn mạnh các nội dung trong việc nghiên cứu giản đồ pha của hợp kim hai nguyên. Trong chương III các nội dung về bản chất pha dung dịch rắn và các pha trung gian được trình bày kỹ lưỡng. Chương IV nói về công nghệ chế tạo các tinh thể bán dẫn dùng cho việc chế tạo các mạch vi điện tử. Chương V giới thiệu về công nghệ epytaxi từ pha hơi và pha lỏng.</subfield>
  </datafield>
  <datafield tag="520" ind1="#" ind2="#">
   <subfield code="a">Phần II: Vật liệu gốm và vô định hình. Bao gồm 5 chương: Chương VI giới thiệu về cấu trúc và tính chất vật lý của vật liệu gốm, cung cấp cho người đọc các kinh nghiệm cơ bản và hiểu biết về các tính chất của điện môi. Trong chương VII tác giả trình bày về công nghệ gốm từ các công nghệ gốm truyền thống đến các công nghệ gốm điện tử, hiện đại. Chương VIII là chương trình bày chi tiết về các loại gốm dùng trong kỹ thuật điện tử. Chương X trình bày về các phương pháp đo lường và thử nghiệm gốm.</subfield>
  </datafield>
  <datafield tag="650" ind1="#" ind2="4">
   <subfield code="a">Vật liệu điện tử</subfield>
  </datafield>
  <datafield tag="700" ind1="0" ind2="#">
   <subfield code="a">Trần Văn Quỳnh</subfield>
  </datafield>
  <datafield tag="721" ind1="#" ind2="#">
   <subfield code="a">CNKT Điện tử</subfield>
  </datafield>
  <datafield tag="841" ind1="#" ind2="#">
   <subfield code="b">Kho Sách </subfield>
   <subfield code="j">100020285, 100020311, 100034118, 100034124, 100034142, 100034143, 100034147, 100034148, 100034152, 100034153, 100034157, 100034162</subfield>
  </datafield>
  <datafield tag="841" ind1="#" ind2="#">
   <subfield code="b">Kho Tra Cứu </subfield>
   <subfield code="j">500002603, 500002653</subfield>
  </datafield>
 </record>
</collection>
